<?xml version="1.0" encoding="UTF-8"?>
<record
    xmlns:xsi="http://www.w3.org/2001/XMLSchema-instance"
    xsi:schemaLocation="http://www.loc.gov/MARC21/slim http://www.loc.gov/standards/marcxml/schema/MARC21slim.xsd"
    xmlns="http://www.loc.gov/MARC21/slim">

  <leader>03062nam a2200313 u 4500</leader>
  <controlfield tag="001">1372255</controlfield>
  <controlfield tag="005">20260508085518.0</controlfield>
  <controlfield tag="007">co|||||||</controlfield>
  <controlfield tag="008">140526s2014                        spa  </controlfield>
  <datafield tag="035" ind1=" " ind2=" ">
    <subfield code="a">1372255</subfield>
  </datafield>
  <datafield tag="040" ind1=" " ind2=" ">
    <subfield code="c">comduadb</subfield>
  </datafield>
  <datafield tag="041" ind1=" " ind2=" ">
    <subfield code="a">spa</subfield>
  </datafield>
  <datafield tag="080" ind1=" " ind2=" ">
    <subfield code="a">WB</subfield>
  </datafield>
  <datafield tag="100" ind1="1" ind2="0">
    <subfield code="a">Ramirez Deossa, David Eliecer</subfield>
    <subfield code="4">aut</subfield>
    <subfield code="e">aut</subfield>
    <subfield code="9">691906</subfield>
  </datafield>
  <datafield tag="245" ind1="1" ind2="0">
    <subfield code="a">Formulaci&#xF3;n del plan estrat&#xE9;gico para el tejido de salud de la Asociaci&#xF3;n de Cabildos Ind&#xED;genas del Norte del Cauca (ACIN), 2013-2015</subfield>
  </datafield>
  <datafield tag="260" ind1=" " ind2=" ">
    <subfield code="a">Medell&#xED;n :</subfield>
    <subfield code="b">Autores (as),</subfield>
    <subfield code="c">2014.</subfield>
  </datafield>
  <datafield tag="300" ind1=" " ind2=" ">
    <subfield code="a">1 CD-ROM</subfield>
  </datafield>
  <datafield tag="520" ind1="3" ind2=" ">
    <subfield code="a">La planeaci&#xF3;n estrat&#xE9;gica es una herramienta que permite a las organizaciones centrar sus prop&#xF3;sitos, estructurar una ruta de trabajo ordenada y enfocar los recursos con que cuenta de una manera acertada y centrada  en las necesidades y requerimientos propios. El Tejido de Salud de la ACIN en su af&#xE1;n de dar cumplimiento a su misi&#xF3;n, visi&#xF3;n y logro de sus objetivos, requiere fortalecer su estructura organizacional y darle un direccionamiento estrat&#xE9;gico; es por este motivo que como grupo de trabajo vimos la oportunidad de brindar un apoyo en este proceso, contribuyendo a dar forma al cumplimiento del gran sue&#xF1;o que se traz&#xF3; el Tejido de Salud de la ACIN, a trav&#xE9;s de: La elaboraci&#xF3;n de un diagnostico institucional, que permiti&#xF3; visualizar los procesos de la instituci&#xF3;n y como se desarrollaban, identificando fortalezas, debilidades, amenazas y oportunidades, para as&#xED; establecer unas estrategias que permitieran su fortalecimiento.  Al tener las estrategias ya establecidas, se puede dar cumplimiento a los objetivos planteados, se organiz&#xF3; la estructura organizacional del Tejido de Salud-ACIN para que de esta manera la instituci&#xF3;n pueda tener un orden jer&#xE1;rquico que facilite la ejecuci&#xF3;n de las actividades que se realizan; se formul&#xF3; a su vez una pol&#xED;tica institucional que da soporte a todo lo propuesto, tambi&#xE9;n se determin&#xF3; la plataforma estrat&#xE9;gica donde se establecieron los principios y valores del Tejido de Salud-ACIN y se elabor&#xF3; un documento que da cuenta de la propuesta de la Planeaci&#xF3;n Estrat&#xE9;gica formulada para el Tejido de Salud-ACIN. En el proceso de desarrollo del proyecto, el dialogo de saberes fue uno de los elementos m&#xE1;s significativos en la construcci&#xF3;n de la propuesta y se convirti&#xF3; en un aprendizaje y una manera innovadora de trabajar.</subfield>
  </datafield>
  <datafield tag="650" ind1=" " ind2=" ">
    <subfield code="a">Plan Estrategico de Salud</subfield>
    <subfield code="9">177262</subfield>
  </datafield>
  <datafield tag="650" ind1=" " ind2=" ">
    <subfield code="a">Salud ind&#xED;gena</subfield>
    <subfield code="9">39670</subfield>
  </datafield>
  <datafield tag="650" ind1=" " ind2=" ">
    <subfield code="a">Asociacion de Cabildos Indigenas del Norte del Cauca (ACIN)</subfield>
    <subfield code="9">188722</subfield>
  </datafield>
  <datafield tag="650" ind1=" " ind2="7">
    <subfield code="a">Medicina ind&#xED;gena</subfield>
    <subfield code="z">Colombia</subfield>
    <subfield code="2">lemb</subfield>
    <subfield code="9">171997</subfield>
  </datafield>
  <datafield tag="650" ind1=" " ind2="7">
    <subfield code="a">Planificaci&#xF3;n estrat&#xE9;gica</subfield>
    <subfield code="2">lemb</subfield>
    <subfield code="9">837</subfield>
  </datafield>
  <datafield tag="700" ind1="1" ind2="0">
    <subfield code="a">Pavi Cometa, Leidy Jhoana</subfield>
    <subfield code="4">aut</subfield>
    <subfield code="e">aut</subfield>
    <subfield code="9">718859</subfield>
  </datafield>
  <datafield tag="700" ind1="1" ind2="0">
    <subfield code="a">Ram&#xED;rez David, Rudinela</subfield>
    <subfield code="4">aut</subfield>
    <subfield code="e">aut</subfield>
    <subfield code="9">687056</subfield>
  </datafield>
  <datafield tag="700" ind1="1" ind2="0">
    <subfield code="a">Giraldo Piedrahita, Fernando</subfield>
    <subfield code="4">ths</subfield>
    <subfield code="e">ths</subfield>
    <subfield code="9">506811</subfield>
  </datafield>
  <datafield tag="942" ind1=" " ind2=" ">
    <subfield code="c">TESIS</subfield>
  </datafield>
  <datafield tag="999" ind1=" " ind2=" ">
    <subfield code="c">690781</subfield>
    <subfield code="d">690781</subfield>
  </datafield>
  <datafield tag="500" ind1=" " ind2=" ">
    <subfield code="a">Tesis (Administrador de Salud con &#xC9;nfasis en Gesti&#xF3;n de Servicios de Salud). Universidad de Antioquia. Facultad Nacional de Salud P&#xFA;blica - T&#xED;tulo del grado otorgado</subfield>
  </datafield>
  <datafield tag="952" ind1=" " ind2=" ">
    <subfield code="0">0</subfield>
    <subfield code="1">0</subfield>
    <subfield code="4">0</subfield>
    <subfield code="7">0</subfield>
    <subfield code="8">AUDIOVISUA</subfield>
    <subfield code="a">BSP</subfield>
    <subfield code="b">BSP</subfield>
    <subfield code="d">2014-05-26</subfield>
    <subfield code="e">Material adquirido por donaci&#xF3;n</subfield>
    <subfield code="i">C1204719</subfield>
    <subfield code="l">1</subfield>
    <subfield code="o">WB50 R3-14 CD-ROM</subfield>
    <subfield code="p">90193</subfield>
    <subfield code="r">2025-02-14 15:08:40</subfield>
    <subfield code="s">2025-02-12</subfield>
    <subfield code="t">1</subfield>
    <subfield code="w">2023-05-02</subfield>
    <subfield code="y">DIGITAL</subfield>
  </datafield>
</record>
